CÁTALOGO MUNICIPAL







El hombre de oro y otros relatos / (Registro nro. 10707)

Detalles MARC
000 -Cabecera (24)
Campo de control interno 00705nam a22002294a 4500
001 - Número de control
Campo de control BIBLIOTECA MUNICIPAL DE BARRANCO
007 - Tipo material - Descripcion fisica - info general
Tipo material ta
008 - Códigos de longitud fija (40p)
Campo de control de longitud fija t pe gr 00| 0 spa d
020 ## - INTERNATIONAL STANDARD BOOK NUMBER
ISBN 84-03-60276-6
040 ## - Origen de la Catalogacion
Origen de la Catalogacion BIBLIOTECA MUNICIPAL DE BARRANCO
041 ## - Código de idioma (R)
Código de lengua del texto/banda sonora o título independiente (R) spa
043 ## - Pais ISO
País ISO pe
082 ## - Número de la Clasificación
Numero de edición 869.9533
Número de documento/Ítem D16 1995.
100 ## - Autor Personal
Autor Personal Darío, Rubén, 1867-1916.
245 ## - Titulo
Titulo El hombre de oro y otros relatos /
Mencion del autor Rubén Darío.
260 ## - Pie de imprenta
Ciudad Madrid :
Editorial Aguilar,
Año 1995.
300 ## - Descripcion
Páginas 79 p. ;
Dimensiones 20 cm.
490 ## - Serie Colección
Serie Colección Relato corto Aguilar ; 20
504 ## - Nota Bibliografica
Nota bibliografica Incluye referencias bibliográficas.
650 #0 - Temas - Descriptores
9 (RLIN) 6658
Temas - Descriptores Cuentos nicaragüenses-Siglo XIX.
942 ## - Datos personalizados Koha
Tipo de Documento Libros
Fecha procesamiento 2025-02-22
Catalogador AAOH
Existencias
Fuente de Clasificacion Deterioro (estado) Ubicacion permanente Ubicacion actual Fecha de Ingreso a la Biblioteca Numero inventario Prestamos Signatura Topográfica Código de barras Ultima fecha de verificacion Tipo de Item Ubicación en edificio Precio dolares
Dewey Decimal Classification   Biblioteca Municipal Manuel Beingolea Biblioteca Municipal Manuel Beingolea 02/22/2025 005595   869.9533 D16 1995 005595 02/22/2025 Libros Estantería cerrada  

  

  GERENCIA DE CULTURA Y TURISMO

  Biblioteca Municipal de Barranco

  Auspiciado por la Municipalidad Distrial de Barranco

  Horario de atención: De lunes a sábado de 8:00 am a 5:00 pm.

  Correo electrónico: biblioteca@munibarranco.gob.pe

  Teléfono :203-6730, anexo 303


Ubicación